000 00485nmm a2200145Ia 4500
008 251105s9999||||xx |||||||||||||||||und||
041 _aspa
100 _aMosquera García, María Fernandaz
245 0 _aÍntimamente distantes: servicio doméstico y diferencia social
264 _a[Bogotá, Colombia] :
_bUniversidad del Rosario,
_c2017
300 _a220 páginas
650 _aSocial Sciences (General)
856 _uhttps://public.digitaliapublishing.com/a/52174
942 _cCF
999 _c106544
_d106544